LEADER 01015nam a2200265 a 4500 001 000000170466 003 CaOOAMICUS 005 20181114090317.0 008 181114s1996 it u000 u ita r 020 $a88-17-84444-6* 032 $aLibriCat 040 $aPUL$bita 100 1 $aRicossa, Sergio,$d1927-$0(OLS)http://pul/name/39759 245 10$aMaledetti economisti :$ble idiozie di una scienza inesistente /$cSergio Ricossa. 260 $aMilano :$bRizzoli,$c©1996. 300 $a244 p. ;$c21 cm. 504 $aContiene riferimenti bibliografici. 650 4$aEconomia.$0(OLS)http://pul/subject/1893 850 $aPUL 852 $aPUL$W1$xDP1 Fondo De Girolamo$y124$m1 C 4$j3675$qFondi$B198775$CPULBib$Z2$F198775 $81 941 1 $a1 996 $6020$a88-17-84444-6*$9(OLS)http://pul/number/165261 996 $6245$aMaledetti economisti :$ble idiozie di una scienza inesistente$9(OLS)http://pul/title/211226 996 $6260$aMilano :$bRizzoli$9(OLS)http://pul/publisher/48712 LEADER 01074nam a2200265 a 4500 001 000000154203 003 CaOOAMICUS 005 20160923120558.0 008 160923s2004 fr u000 u fre r 020 $a2-11-005794-7* 032 $aLibriCat 040 $aPUL$bita 245 00$aTraité établissant une Constitution pour l'Europe. 260 $aParis :$bLa documentation française,$c2004. 300 $a232 p. ;$c21 cm. 504 $aBibliografia in nota. 610 14$aUnione europea$xCostituzione.$0(OLS)http://pul/subject/33874 610 14$aUnione Europea$xTrattati.$0(OLS)http://pul/subject/40140 850 $aPUL 852 $aPUL$W1$xDP1 Fondo G. Barberini$y122$m4 F 6$j177262$qFondi$B180232$CPULBib$Z2$F180232 $HBar563 $81 941 1 $a1 996 $6020$a2-11-005794-7*$9(OLS)http://pul/number/161125 996 $6245$aTraité établissant une Constitution pour l'Europe$9(OLS)http://pul/title/193790 996 $6260$aParis :$bLa documentation française$9(OLS)http://pul/publisher/84769